Gares du Nord - Statistiques

Statistiques générales
  • Ce quiz a été pris 152 fois
  • Le résultat moyen est 31 sur 111
Statistiques - réponses
Nombre de voyageurs Gares % Correct
24 118 203 Lille Flandres
95%
6 721 133 Lille Europe
94%
3 221 478 Douai
85%
349 246 Lille CHR
84%
36 478 Lille Porte de Douai
82%
2 042 446 Dunkerque
81%
3 144 191 Valenciennes
81%
127 293 Roubaix
68%
710 223 Tourcoing
68%
562 000 Maubeuge
63%
375 718 Somain
63%
1 822 071 Hazebrouck
62%
76 439 Jeumont
59%
970 659 Armentières
58%
704 456 Cambrai
58%
164 588 Don - Sainghin
58%
73 720 Busigny
51%
56 211 Baisieux
49%
9 126 Lourches
47%
363 457 Seclin
47%
9 750 Coudekerque Branche
46%
805 429 Saint Amand les Eaux
44%
160 619 Lesquin
42%
1 109 770 Orchies
42%
1 169 248 Bailleul
41%
37 070 Gravelines
41%
146 849 Avesnes
39%
4 507 Croix - Wasquehal
38%
2 546 Croix l'Allumette
35%
58 212 Wattignies - Templemars
35%
142 437 Caudry
34%
65 916 Ronchin
34%
662 620 Templeuve
34%
180 746 Bergues
33%
21 034 Denain
33%
177 248 Fourmies
33%
257 305 Phalempin
33%
469 159 Le Quesnoy
32%
22 382 Ascq
30%
134 927 Cassel
30%
11 507 Grande Synthe
30%
19 529 La Madeleine
30%
29 666 Le Cateau
30%
310 510 La Bassée
29%
47 194 Loos
29%
400 Hellemmes
28%
679 990 Aulnoye Aymeries
27%
73 016 Fretin
27%
532 Mont de Terre
27%
42 987 Pont de Bois
25%
22 835 Bourbourg
23%
69 690 Haubourdin
23%
1 855 Lezennes
23%
67 428 Nieppe
23%
23 034 Saint André
23%
84 969 Le Poirier Université
22%
196 089 Ostricourt
22%
98 953 Pérenchies
22%
21 929 Anor
20%
158 634 Esquelbecq
19%
55 845 Hautmont
19%
79 417 Landas
19%
25 078 Pont de la Deûle
19%
128 509 Arnèke
18%
74 691 Rosult
18%
50 051 Sains du Nord
18%
73 136 Wavrin
18%
43 712 Santes
16%
18 815 Sin le Noble
16%
47 312 Steenwerck
16%
12 310 Landrecies
15%
6 501 Berlaimont
14%
2 219 Ennevelin
14%
31 894 Raismes
14%
10 771 Wallers
14%
184 Hachette
13%
2 100 Nomain
13%
14 902 Renescure
13%
57 054 Strazeele
13%
1 217 Annappes
11%
2 245 Dompierre
11%
14 778 Ebblinghem
11%
6 276 Iwuy
11%
3 612 Louvroil
11%
10 781 Salomé
11%
3 358 Avesnelles
10%
1 804 Beuvrage
10%
544 Ors
10%
2 380 Prouvy - Thiant
10%
581 Steenbecque
10%
15 877 Trith Saint Léger
10%
28 195 Arleux
9%
125 309 Bauvin - Provin
9%
3 183 La Fontaine
9%
144 760 Montigny en Ostrevent
9%
27 464 Aubigny au Bac
8%
27 510 Bouchain
8%
2 102 Escaudoeuvres
8%
2 749 Leval
8%
24 Saint Hilaire
8%
8 Sous le Bois
8%
5 096 Bertry
6%
17 Cattenières
6%
1 318 Les Bons Pères
6%
14 741 Cantin
5%
15 475 Marquillies
5%
2 332 Recquignies
5%
575 Thiennes
5%
258 Maurois
4%
418 Wambaix
4%
3 057 Brunémont
3%
Aucun quiz correspondant
Distribution des résultats
% des personnes avec chaque résultat
Percentile par nombre de réponses
Votre historique - résultats
Vous n’avez pas pris ce quiz